00577nam a2200181 a 45000010010000000030011000100080041000210350026000620820016000881000021001042450060001252600056001856500017002419420012002589520090002709980020003609990015003800000-9083ELIB.Books110520 1963  a(ELIB.Books)0000-9232 a225.7 bTas aTasker, R. V. G. aTyndale (The Second Epistle of Paul to the Corinthians) bGrand Rapids: Wm. B. Eerdmans Publishing Co. c1963 aCommentaries 2ddccBK 00102ddc4070aKBTSbKBTSd2011-05-20l0p2820r2022-01-22 00:00:00w2022-01-22yBK cbate2011-05-20 c9083d9083